000 00311nam a2200121Ia 4500
008 190722s9999 xx 000 0 und d
020 _a978-81-312-4307-7
100 _aJohn E.Hall
245 0 _aGuyton & hall textbook of Medical Physiology
260 _aIndia
_bElsevier
_c2016
300 _a1145
942 _cBK
999 _c1093
_d1093